000 00671nam a2200253Ia 4500
003 OSt
005 20220927110337.0
006 a|||||r|||| 00| 0
007 ta
008 220926b |||||||| |||| 00| 0 eng d
024 _a32432
037 _cReports
040 _aRTL
_cRTL
_beng
041 _2eng
_aeng
082 _a"X:54.20k491r, GD"
110 _aIndia Trade Agent
_9376304
111 _aIndia Trade Agent (Kabul)
_9376305
245 0 _aReport.
260 _aDelhi
_bMOP India
_c1942
650 _aIndia International Trade
700 _aIndia Trade Agent
_9376306
942 _h"X:54.20k491r, GD"
_cCC
999 _c695618
_d695618